Religion and religius scholarship in changin social contexts /

Gorde:
Xehetasun bibliografikoak
Egile nagusia: Gaskill, Newton
Formatua: Texto
Gaiak:
Etiketak: Etiketa erantsi
Etiketarik gabe, Izan zaitez lehena erregistro honi etiketa jartzen!

MARC

LEADER 00000 a a2200000 04500
001 9252
003
040
100 |a Gaskill, Newton  
245 |a Religion and religius scholarship in changin social contexts /  |c Newton Gaskill  
650 |a RELIGION  
650 |a SOCIOLOGIA  
650 |a COMPORTAMIENTO POLITICO  
650 |a DISCRIMINACION RELIGIOSA  
773 |g volumen 38, número 3; páginas 189-199  
999 |c 30723  |d 30723